Crazy Eights II Quiz Stats

 Plays Quiz Updated Jun 7, 2018

Score 0/32 Timer 01:30
2 Plays Today
Answer % Correct
Red
94.8%
Blue
94.1%
Green
93.1%
Yellow
92.6%
Black
89.1%
Orange
85.9%
United States
84.8%
Violet
82.5%
France
81.2%
Germany
79.8%
United Kingdom
78%
Maine
72.9%
Tomato
72.3%
Montana
71.9%
Carrot
71.8%
Michigan
71.5%
Answer % Correct
Mississippi
70%
Russia
68.9%
Missouri
68.3%
Brown
65%
Minnesota
63.7%
Italy
61.9%
Canada
61.8%
Massachusetts
60.2%
Maryland
59.9%
Japan
58%
Celery
56.2%
Lettuce
27.4%
Beet
22.8%
Spinach
19.5%
Parsley
7.8%
Watercress
5.1%

You're not logged in!

Compare scores with friends on all Sporcle quizzes.
OR
Log In

You Might Also Like...

Show Comments

Extras

Top Quizzes Today


Score Distribution

Your Account Isn't Verified!

In order to create a playlist on Sporcle, you need to verify the email address you used during registration. Go to your Sporcle Settings to finish the process.

Report this User

Report this user for behavior that violates our Community Guidelines.

Details: